<?xml version="1.0" encoding="UTF-8"?>
<record
    xmlns:xsi="http://www.w3.org/2001/XMLSchema-instance"
    xsi:schemaLocation="http://www.loc.gov/MARC21/slim http://www.loc.gov/standards/marcxml/schema/MARC21slim.xsd"
    xmlns="http://www.loc.gov/MARC21/slim">

  <leader>07486nam a22006255i 4500</leader>
  <datafield tag="999" ind1=" " ind2=" ">
    <subfield code="c">27367</subfield>
    <subfield code="d">27367</subfield>
  </datafield>
  <controlfield tag="001">978-0-387-21706-2</controlfield>
  <controlfield tag="003">DE-He213</controlfield>
  <controlfield tag="005">20240716150904.0</controlfield>
  <controlfield tag="006">a|||||o|||| 00| 0</controlfield>
  <controlfield tag="007">cr nn 008mamaa</controlfield>
  <controlfield tag="008">121227s2002    xxu|    s    |||| 0|eng d</controlfield>
  <datafield tag="020" ind1=" " ind2=" ">
    <subfield code="a">9780387217062</subfield>
  </datafield>
  <datafield tag="024" ind1="7" ind2=" ">
    <subfield code="a">10.1007/978-0-387-21706-2</subfield>
    <subfield code="2">doi</subfield>
  </datafield>
  <datafield tag="040" ind1=" " ind2=" ">
    <subfield code="c">imu-kc</subfield>
  </datafield>
  <datafield tag="050" ind1=" " ind2="4">
    <subfield code="a">QA273.A1-274.9</subfield>
  </datafield>
  <datafield tag="072" ind1=" " ind2="7">
    <subfield code="a">PBT</subfield>
    <subfield code="2">bicssc</subfield>
  </datafield>
  <datafield tag="072" ind1=" " ind2="7">
    <subfield code="a">PBWL</subfield>
    <subfield code="2">bicssc</subfield>
  </datafield>
  <datafield tag="072" ind1=" " ind2="7">
    <subfield code="a">MAT029000</subfield>
    <subfield code="2">bisacsh</subfield>
  </datafield>
  <datafield tag="072" ind1=" " ind2="7">
    <subfield code="a">PBT</subfield>
    <subfield code="2">thema</subfield>
  </datafield>
  <datafield tag="072" ind1=" " ind2="7">
    <subfield code="a">PBWL</subfield>
    <subfield code="2">thema</subfield>
  </datafield>
  <datafield tag="082" ind1="0" ind2="4">
    <subfield code="a">519.2</subfield>
    <subfield code="2">23</subfield>
  </datafield>
  <datafield tag="100" ind1="1" ind2=" ">
    <subfield code="a">Venables, W.N.</subfield>
    <subfield code="e">author.</subfield>
    <subfield code="4">aut</subfield>
    <subfield code="4">http://id.loc.gov/vocabulary/relators/aut</subfield>
  </datafield>
  <datafield tag="245" ind1="1" ind2="0">
    <subfield code="a">Modern Applied Statistics with S</subfield>
    <subfield code="h">[electronic resource] /</subfield>
    <subfield code="c">by W.N. Venables, B.D. Ripley.</subfield>
  </datafield>
  <datafield tag="250" ind1=" " ind2=" ">
    <subfield code="a">4th ed. 2002.</subfield>
  </datafield>
  <datafield tag="264" ind1=" " ind2="1">
    <subfield code="a">New York, NY :</subfield>
    <subfield code="b">Springer New York :</subfield>
    <subfield code="b">Imprint: Springer,</subfield>
    <subfield code="c">2002.</subfield>
  </datafield>
  <datafield tag="300" ind1=" " ind2=" ">
    <subfield code="a">XII, 498 p.</subfield>
    <subfield code="b">online resource.</subfield>
  </datafield>
  <datafield tag="336" ind1=" " ind2=" ">
    <subfield code="a">text</subfield>
    <subfield code="b">txt</subfield>
    <subfield code="2">rdacontent</subfield>
  </datafield>
  <datafield tag="337" ind1=" " ind2=" ">
    <subfield code="a">computer</subfield>
    <subfield code="b">c</subfield>
    <subfield code="2">rdamedia</subfield>
  </datafield>
  <datafield tag="338" ind1=" " ind2=" ">
    <subfield code="a">online resource</subfield>
    <subfield code="b">cr</subfield>
    <subfield code="2">rdacarrier</subfield>
  </datafield>
  <datafield tag="347" ind1=" " ind2=" ">
    <subfield code="a">text file</subfield>
    <subfield code="b">PDF</subfield>
    <subfield code="2">rda</subfield>
  </datafield>
  <datafield tag="490" ind1="1" ind2=" ">
    <subfield code="a">Statistics and Computing,</subfield>
    <subfield code="x">2197-1706</subfield>
  </datafield>
  <datafield tag="505" ind1="0" ind2=" ">
    <subfield code="a">1 Introduction -- 1.1 A Quick Overview of S -- 1.2 Using S -- 1.3 An Introductory Session -- 1.4 What Next? -- 2 Data Manipulation -- 2.1 Objects -- 2.2 Connections -- 2.3 Data Manipulation -- 2.4 Tables and Cross-Classification -- 3 The S Language -- 3.1 Language Layout -- 3.2 More on S Objects -- 3.3 Arithmetical Expressions -- 3.4 Character Vector Operations -- 3.5 Formatting and Printing -- 3.6 Calling Conventions for Functions -- 3.7 Model Formulae -- 3.8 Control Structures -- 3.9 Array and Matrix Operations -- 3.10 Introduction to Classes and Methods -- 4 Graphics -- 4.1 Graphics Devices -- 4.2 Basic Plotting Functions -- 4.3 Enhancing Plots -- 4.4 Fine Control of Graphics -- 4.5 Trellis Graphics -- 5 Univariate Statistics -- 5.1 Probability Distributions -- 5.2 Generating Random Data -- 5.3 Data Summaries -- 5.4 Classical Univariate Statistics -- 5.5 Robust Summaries -- 5.6 Density Estimation -- 5.7 Bootstrap and Permutation Methods -- 6 Linear Statistical Models -- 6.1 An Analysis of Covariance Example -- 6.2 Model Formulae and Model Matrices -- 6.3 Regression Diagnostics -- 6.4 Safe Prediction -- 6.5 Robust and Resistant Regression -- 6.6 Bootstrapping Linear Models -- 6.7 Factorial Designs and Designed Experiments -- 6.8 An Unbalanced Four-Way Layout -- 6.9 Predicting Computer Performance -- 6.10 Multiple Comparisons -- 7 Generalized Linear Models -- 7.1 Functions for Generalized Linear Modelling -- 7.2 Binomial Data -- 7.3 Poisson and Multinomial Models -- 7.4 A Negative Binomial Family -- 7.5 Over-Dispersion in Binomial and Poisson GLMs -- 8 Non-Linear and Smooth Regression -- 8.1 An Introductory Example -- 8.2 Fitting Non-Linear Regression Models -- 8.3 Non-Linear Fitted Model Objects and Method Functions -- 8.4 Confidence Intervals for Parameters -- 8.5 Profiles -- 8.6 Constrained Non-Linear Regression -- 8.7 One-Dimensional Curve-Fitting -- 8.8 Additive Models -- 8.9 Projection-Pursuit Regression -- 8.10 Neural Networks -- 8.11 Conclusions -- 9 Tree-Based Methods -- 9.1 Partitioning Methods -- 9.2 Implementation in rpart -- 9.3 Implementation in tree -- 10 Random and Mixed Effects -- 10.1 Linear Models -- 10.2 Classic Nested Designs -- 10.3 Non-Linear Mixed Effects Models -- 10.4 Generalized Linear Mixed Models -- 10.5 GEE Models -- 11 Exploratory Multivariate Analysis -- 11.1 Visualization Methods -- 11.2 Cluster Analysis -- 11.3 Factor Analysis -- 11.4 Discrete Multivariate Analysis -- 12 Classification -- 12.1 Discriminant Analysis -- 12.2 Classification Theory -- 12.3 Non-Parametric Rules -- 12.4 Neural Networks -- 12.5 Support Vector Machines -- 12.6 Forensic Glass Example -- 12.7 Calibration Plots -- 13 Survival Analysis -- 13.1 Estimators of Survivor Curves -- 13.2 Parametric Models -- 13.3 Cox Proportional Hazards Model -- 13.4 Further Examples -- 14 Time Series Analysis -- 14.1 Second-Order Summaries -- 14.2 ARIMA Models -- 14.3 Seasonality -- 14.4 Nottingham Temperature Data -- 14.5 Regression with Autocorrelated Errors -- 14.6 Models for Financial Series -- 15 Spatial Statistics -- 15.1 Spatial Interpolation and Smoothing -- 15.2 Kriging -- 15.3 Point Process Analysis -- 16 Optimization -- 16.1 Univariate Functions -- 16.2 Special-Purpose Optimization Functions -- 16.3 General Optimization -- Appendices -- A Implementation-Specific Details -- A.1 Using S-PLUS under Unix / Linux -- A.2 Using S-PLUS under Windows -- A.3 Using R under Unix / Linux -- A.4 Using R under Windows -- A.5 For Emacs Users -- B The S-PLUS GUI -- C Datasets, Software and Libraries -- C.1 Our Software -- C.2 Using Libraries -- References.</subfield>
  </datafield>
  <datafield tag="520" ind1=" " ind2=" ">
    <subfield code="a">S is a powerful environment for the statistical and graphical analysis of data. It provides the tools to implement many statistical ideas that have been made possible by the widespread availability of workstations having good graphics and computational capabilities. This book is a guide to using S environments to perform statistical analyses and provides both an introduction to the use of S and a course in modern statistical methods. Implementations of S are available commercially in S-PLUS(R) workstations and as the Open Source R for a wide range of computer systems. The aim of this book is to show how to use S as a powerful and graphical data analysis system. Readers are assumed to have a basic grounding in statistics, and so the book is intended for would-be users of S-PLUS or R and both students and researchers using statistics. Throughout, the emphasis is on presenting practical problems and full analyses of real data sets. Many of the methods discussed are state of the art approaches to topics such as linear, nonlinear and smooth regression models, tree-based methods, multivariate analysis, pattern recognition, survival analysis, time series and spatial statistics. Throughout modern techniques such as robust methods, non-parametric smoothing and bootstrapping are used where appropriate. This fourth edition is intended for users of S-PLUS 6.0 or R 1.5.0 or later. A substantial change from the third edition is updating for the current versions of S-PLUS and adding coverage of R. The introductory material has been rewritten to emphasis the import, export and manipulation of data. Increased computational power allows even more computer-intensive methods to be used, and methods such as GLMMs,.</subfield>
  </datafield>
  <datafield tag="650" ind1=" " ind2="0">
    <subfield code="a">Probabilities.</subfield>
  </datafield>
  <datafield tag="650" ind1=" " ind2="0">
    <subfield code="a">Mathematics</subfield>
    <subfield code="x">Data processing.</subfield>
  </datafield>
  <datafield tag="650" ind1=" " ind2="0">
    <subfield code="a">Computer software.</subfield>
  </datafield>
  <datafield tag="650" ind1=" " ind2="0">
    <subfield code="a">Mathematical statistics</subfield>
    <subfield code="x">Data processing.</subfield>
  </datafield>
  <datafield tag="650" ind1=" " ind2="0">
    <subfield code="a">Statistics&#xA0;.</subfield>
  </datafield>
  <datafield tag="650" ind1="1" ind2="4">
    <subfield code="a">Probability Theory.</subfield>
  </datafield>
  <datafield tag="650" ind1="2" ind2="4">
    <subfield code="a">Computational Mathematics and Numerical Analysis.</subfield>
  </datafield>
  <datafield tag="650" ind1="2" ind2="4">
    <subfield code="a">Mathematical Software.</subfield>
  </datafield>
  <datafield tag="650" ind1="2" ind2="4">
    <subfield code="a">Statistics and Computing.</subfield>
  </datafield>
  <datafield tag="650" ind1="2" ind2="4">
    <subfield code="a">Statistical Theory and Methods.</subfield>
  </datafield>
  <datafield tag="700" ind1="1" ind2=" ">
    <subfield code="a">Ripley, B.D.</subfield>
    <subfield code="e">author.</subfield>
    <subfield code="4">aut</subfield>
    <subfield code="4">http://id.loc.gov/vocabulary/relators/aut</subfield>
  </datafield>
  <datafield tag="710" ind1="2" ind2=" ">
    <subfield code="a">SpringerLink (Online service)</subfield>
  </datafield>
  <datafield tag="773" ind1="0" ind2=" ">
    <subfield code="t">Springer Nature eBook</subfield>
  </datafield>
  <datafield tag="776" ind1="0" ind2="8">
    <subfield code="i">Printed edition:</subfield>
    <subfield code="z">9780387892009</subfield>
  </datafield>
  <datafield tag="776" ind1="0" ind2="8">
    <subfield code="i">Printed edition:</subfield>
    <subfield code="z">9781441930088</subfield>
  </datafield>
  <datafield tag="776" ind1="0" ind2="8">
    <subfield code="i">Printed edition:</subfield>
    <subfield code="z">9780387954578</subfield>
  </datafield>
  <datafield tag="830" ind1=" " ind2="0">
    <subfield code="a">Statistics and Computing,</subfield>
    <subfield code="x">2197-1706</subfield>
  </datafield>
  <datafield tag="856" ind1="4" ind2="0">
    <subfield code="u">https://doi.org/10.1007/978-0-387-21706-2</subfield>
  </datafield>
  <datafield tag="942" ind1=" " ind2=" ">
    <subfield code="2">ddc</subfield>
    <subfield code="c">EBK</subfield>
  </datafield>
</record>
